| 000 | 00645nam a2200193 a 4500 | ||
|---|---|---|---|
| 005 | 20230608064011.0 | ||
| 008 | 021202s1970 mx r 000 0 spa d | ||
| 035 | _aUPN01000121160 | ||
| 049 | _aF | ||
| 050 | 4 |
_aLB7 _bN8.68 no.20 |
|
| 100 | 1 |
_aMcLendon, Jonathon C. _934516 |
|
| 245 | 1 | 3 |
_aLa enseñanza de las ciencias sociales / _cJonathon C. McLendon y Findlay C. Penix ; tr. Andrés Pirk. |
| 260 |
_aMéxico : _bCentro Regional de Ayuda Técnica, AID, _cc1970. |
||
| 300 | _a39 p. | ||
| 440 | 0 |
_aNueva pedagogía ; _v20 |
|
| 650 | 4 |
_aCiencias sociales _xEstudio y enseñanza _96678 |
|
| 700 | 1 |
_aPenix, Findlay C., _ecoaut. |
|
| 905 | _aLibro | ||
| 999 |
_c93450 _d93450 |
||